000 00397cam a2200157ua 4500
003 OSt
008 250823b |||||||| |||| 00| 0 eng d
041 _aeng
082 _a629.287
_bABB/AU
100 _aAbbey, Statoo .
_97767
245 _aAutomobile workshop practice /
250 _a1 /
260 _aLondon :
_bSir Isaac Pitman & Sons Ltd ,
_c1960.
300 _a175 ;
_eAtlas.
942 _cBK
999 _c5291
_d5291